All Uto-Aztecan Languages - Statistics

General Stats
  • This quiz has been taken 3 times
  • The average score is 12 of 33
Answer Stats
Sub-Family Number of speakers Sample Answer % Correct
Numic (Central) Less than 9 native speakers marʉ́awe! ʉnha nʉmʉ tekwaʔeyu ? Comanche
100%
Aztecan 1,500,000 speakers in Central Mexico Zanio in xochitl tonequimilol, zanio in cuicatl ic huehuetzi in tellel in Dios ye mochan. In mach noca ompolihuiz in cohuayotl mach noca in icniuhyotl in ononoya in ye ichan; ye nio Yoyontzin on cuicatillano ye ipalnemohuani. Ma xiuhquechol xochi, zan in tzinitzcan malintoca zan miqui huaqui xochitl zan ic tonmoquimiloa can titlatoani ya ti Nezahualcoyotl. Nahuatl
100%
Aztecan 20-40 speakers in El Salvador Muchi ne tay gen tu weyga nestiwit tamagixti genga tik ekneliat wan ipal wan gichiwtiwit ipal ma munegigan ne se pal ne se. Pipil/Nawat
100%
Numic (Southern) 920 speakers of all dialects, in Colorado, Nevada, California, Utah, Arizona 'áa-gha máy-kya-pugay-ku, 'ú-vwaa pagha'ni-puga 'uwas Colorado River dialect chain/Ute/Southern Paiute/Chemehuevi
50%
Corachol 13,600 speakers in northern Nayarit Jaʼatzuútac a ‘a nuja ‘umé jaʼachune timuáʼachaʼʌʌreʼe Cora
50%
Opatan extinct heve-de para eme bevvi Eudeve
50%
6,800 speakers in northeastern Arizona Noqw ōviy uma yan nānawaknamantani: Itanaa, ōveqatsit ep qátuhqa, nam uhnatṅwani pas k̇aptsiʼtiwaa. Hopi
50%
Tarahumaran 2,840 speakers in Chihuahua and Sonora Ahcipú rehká erehká ho'ínare ki'á puhkerígo cohkiná ehkóre mocikáme, ereká. Tesiwá erirírasibori, egisábori, Ihí tamó nesérori. Sopárirasibori, i'ká ka'é wa'ámi mocikáme, tesiwá nogaká mocikáme. Huarijio/Guarijío/Varihío/Warihío
50%
Corachol 17,800 speakers in Nayarit, Jalisco, and western Zacatecas. Xaureme 'aixüa püti'erimücü. Pücareucuinimücü.
Püyuvaüriya vaücava müti'uximayacacü 'aixüa
müreu'eriecacü. Müpaü pütimate, xüca 'i'üraxieca
yumayüitari, püyutexieca 'aixüa reu'erietü.
Huichol/Wixárika
50%
extinct Cham-naꞌ tuupanga aaukat cham-cha oi ohóꞌvanma. Toshngo om chaami. Luiseño/Juaneño
50%
Cahita 33,000 in Sinaloa and Sonora Itom Átchay téhuekapo kátekame, em téhuam santotaka täyahua. Jü em réy nésauri ito násuk itomaktunake; jü em jo ïäu ímï buíapo yáatunake, téhuekapo bénasi. Jume páanim chíkti táapo itom buäyëhui, én itom buänakëhue itom mákka. Itom Dios bejrimmeche itom jiokore, jáchin jume kaa türik itou yáalame, itom jiokorë bénasi. Katë jum juënakuu itom jijiöbila, ál-lë kaa türiku itom yeu huíkke. Bueïtuk émpë ä áttiak, juka réy nésauta entok juka úttiäraata, entok juka looriata, sïme huásuktiriampo. Mayo
50%
Opatan extinct Tamo nono tequilcha tequiche cache Amo nombrachi Nosque amo reinoche. Amo cracachi ita. Opata/Teguima
50%
Tepiman (Pimic) 650 speakers in Chihuahua and Sonora, Mexico Hɨmak Pima Bajo/O'ob No'ok
50%
Aztecan extinct Nen ca igüén natacoztúc. Quet túchi nochán. Açóc tachóm unyóc nebá. Pochutec
50%
Serran extinct Haminat nyihay? Serrano
50%
Numic (Central) 1000 fluent speakers and 1000 learners in Wyoming, Utah, Nevada, Idaho aitɨn painkwi nɨhɨn tɨkkanna pitsikkammanna Shoshoni/Goshiute
50%
Tepiman (Tepehuan) 10,600 speakers in Southeastern Durango Baꞌp ja tɨtda gu Jesuus: ―Dho jaꞌp japim kaiꞌchdhaꞌ na pim paiꞌ dhuuk tu daandaꞌ buiñor gu Dios: Aapiꞌch Gɨꞌkoraꞌ nap jix dhaam jup tuꞌiiꞌ, aap nap gammɨjɨx uañ kɨꞌn pur jum tɨɨtgɨdam kaꞌ. Iam jap jaꞌxbuiꞌ puiꞌp xi chu buadaꞌ yaꞌ dhi oiꞌñgaꞌn jaꞌp nap jax tu buadaꞌx dhaam jaꞌk. Ku guꞌ aap ji noꞌp dɨɨlh puiꞌp ɨlhiiꞌñdhaꞌ gɨt, aach puiꞌ pɨx soiꞌm kaichuꞌn ji. Southern Tepehuan/O'dam
50%
Tarahumaran 45,500 speakers of all varieties, all spoken in Chihuahua Tami Non guami repá reguegachi atiame: tá cheiquichi Ju, màpu müreguéga repá asagá mu atinqui: Jená ibi, guichimòba quima neogarae mu naguára; mu llelá litae guichimòba mü llolára guali mü cü mollenara, ini, repá reguegachi. Amen Jesus. Tarahumara
50%
Tepiman (Tepehuan) extinct šivhö'maD Tepecano
50%
extinct ʼEyoonak, ʼeyooken tokuupangaʼe xaa;
hoyuuykoy motwaanyan;
moxariin mokiimen tokuupra;
maay moʼwiishme meyii ʼooxor ʼeyaa tokuupar.
Tongva/Gabrielino/Gabrieleño/Kizh
50%
Cahita 11,800 in Sonora and Arizona Lios em chania Yaqui
50%
Cupan extinct tamiiti piytehwiš Cahuilla/Ivilyuat
0%
Cupan extinct numaqananax Cupeño
0%
Numic (Southern) 5 speakers in California Shi'id papel meeneeka, wagüt hagaan ime. Shi'id iva'an, iva'an kaama'a, eviapich eepizh, puguz. Otsüz, kapaan otsüz karineen wogüta. Iva'an naro'o hinigeeneen. Iva'an wahai ventana, iva'an müüze. Kawaiisu
0%
Serran extinct Tɨ-mekwaču ni-cɨk, ʔa-yuʔ-mekwačuʔ (sample from: https://linguistics.ucla.edu/images/stories/Anderton.1988.pdf page 138) Kitanemuk
0%
Numic (Western) About 40 speakers in California Taaqwa Nüümümaa Yaduhanaamat! Mono
0%
Tepiman (Tepehuan) 6,200 speakers in Chihuahua, Mexico Daidi Suxi potïtïdai, —Xïïxkadï daanïdagi aapimï Diuxi bïrai adukai itïda, —Gïr Oga, gï daanïi aatïmï sai kïïgakïrï gï xadutuadagi odami dai sai aapi kïïgakïrï gatïanïdagi reykatai aapi. Northern Tepehuan
0%
Tepiman (Pimic) 14,000 speakers in southern Arizona, US and northern Sonora, Mexico Na꞉nse ʼe꞉da, mo꞉ hek jeweḍ ʼu꞉d si we꞉coc, ma꞉ṣ hek Taḏai siskeg ʼu꞉d ʼuʼuhig. Hek ʼaʼanac c wopo꞉c si wo skegac c ʼep si cecwac. Oʼodham/Papago-Pima
0%
Numic (Western) 700 speakers in California, Oregon, Idaho and Nevada Yabano numme suugganna a nakabodo manaykase. Sooome suuggabodonna yise opeddoonna. Yise tamme opewunuputoohoo. Saa'a oka mamaggwuhoose yise mumme opomadabboo'e. Paviotso/Bannock/Northern Paiute
0%
Serran extinct Tataviam
0%
Numic (Central) 20 speakers in California and Nevada taipo kinni'a punittai Timbisha
0%
Tarahumaran extinct Ite cañar tegmue carichui catemat;
Imit tegmuarac milituraba teochigualac;
Imit huegmica cariniti bacachin-assisaguin
Imit avamunarir echu nañigualac imo cuigan
amo nachic tegmuecarichin.
Tubar
0%
extinct kabobaːʔinaːnat͡siŋwajinɨʔɨŋ Tübatulabal
0%
No matching quizzes found
Score Distribution
Percent of People with Each Score
Percentile by Number Answered
Your Score History
You have not taken this quiz